|
|
|
|
| LEADER |
00717pam a22002298a 4500 |
| 001 |
00023806 |
| 005 |
20171026081023.0 |
| 008 |
110630s2007 ||||||engsd |
| 020 |
# |
# |
|a 9781418837037
|
| 041 |
0 |
# |
|a eng
|
| 082 |
1 |
4 |
|a 658.8
|b E200L
|
| 100 |
1 |
# |
|a Schneider, Gary P.
|
| 245 |
1 |
0 |
|a Electronic commerce
|c Gary P. Schneider
|
| 250 |
# |
# |
|a 7th annual ed
|
| 260 |
# |
# |
|a Boston
|b Thomson Course Technology
|c 2007
|
| 300 |
# |
# |
|a xxiv,624 p.
|b ill.
|c 24 cm.
|
| 504 |
# |
# |
|a Cuối chương
|
| 650 |
# |
4 |
|a Thương mại điện tử
|
| 852 |
# |
# |
|b Kho đọc
|j KD.0008048
|
| 852 |
# |
# |
|j KD.0008048
|
| 910 |
0 |
# |
|a Ntuyet
|d 30/06/2011
|
| 980 |
# |
# |
|a Trung tâm Học liệu Lê Vũ Hùng, Trường Đại học Đồng Tháp
|